If At First You Don't Succeed...III Quiz Stats

 Plays Quiz Updated Apr 30, 2019

Score 0/69 Timer 10:00
4 Plays Today
Category Answers % Correct
Most abundant
gases in air
by volume
???
86.3%
-Other Gases-???
85.4%
---Other Gases---???
85.4%
--Other Gases--???
82.5%
----Other Gases----???
81.1%
Most Populous
Oceanian
Cities
???
80.7%
----Other Cities----???
80.4%
-Other Cities-???
80%
--Other Cities--???
79.7%
Most expensive
Monopoly properties
(US or UK boards)
???
79.7%
----Other Properties----???
79.6%
--Other Properties--???
79.5%
---Other Properties---???
79.5%
-Other Properties-???
79.3%
---Other Cities---???
79.1%
Most English Top
Division League
Titles (soccer)
???
77%
---Other Teams---???
76.9%
--Other Teams--???
76.7%
Other Cities???
74.8%
Other Properties???
71.4%
----Other Teams----???
71.3%
Most Wimbledon
Mens Singles
Titles (Open Era)
???
71%
-Other Teams-???
70.8%
Country with most
Winter Olympic
gold medals
???
70.6%
--Other Players--???
69.9%
Other Teams???
69.4%
Subtitle of the
earliest Star Wars
film by release date
???
68.8%
---Star Wars:…---???
68.5%
---Other Players---???
68.3%
----Star Wars:…----???
68.2%
First of the
Seven Deadly
Sins alphabetically
???
67.9%
--Star Wars:…--???
67.7%
-Other Players-???
67.6%
----Other Countries----???
67%
Other Gases???
66.9%
Category Answers % Correct
Shortest Shakespeare
play by number
of letters in title
???
66.7%
---Other Plays---???
66.6%
--Other Plays--???
66.3%
-Star Wars:…-???
66%
Star Wars:…???
65.6%
---Other Sins---???
65.5%
-Other Plays-???
64.1%
----Other Sins----???
63.5%
Northernmost
Capital
City
???
60.2%
--Other Sins--???
59.9%
--Other Capitals--???
59.9%
----Other Capitals----???
59.9%
Other Players???
59.5%
-Other Countries-???
58.8%
---Other Capitals---???
55.2%
--Other Countries--???
54.7%
-Other Sins-???
54.1%
Other Sins???
53.9%
Shortest time as
President of the
United States
???
51.7%
Other Capitals???
51%
--Other Presidents--???
50.6%
---Other Presidents---???
49.8%
---Other Countries---???
49.4%
Other Plays???
49.4%
-Other Presidents-???
49.2%
Other Presidents???
47.1%
-Other Capitals-???
45.9%
Other Countries???
33.4%
First thing that Right
Said Fred are 'Too
Sexy' for in the song
???
24.8%
--I'm too sexy for...--???
24.1%
----I'm too sexy for...----???
21.9%
-I'm too sexy for...-???
21.1%
---I'm too sexy for...---???
19.5%
I'm too sexy for...???
8.7%

You're not logged in!

Compare scores with friends on all Sporcle quizzes.
OR
Log In

Sporcle TV

Today on Sporcle TV


Watch our educational content, quiz creation guides, and fun videos on Sporcle TV.

Show Comments

Extras

Top Quizzes Today


Score Distribution

Your Account Isn't Verified!

In order to create a playlist on Sporcle, you need to verify the email address you used during registration. Go to your Sporcle Settings to finish the process.

Report this User

Report this user for behavior that violates our Community Guidelines.

Details: